[Event "2BLW 1920 TSV Schott Mainz - SC Hansa D"]
[Site "?"]
[Date "2019.09.29"]
[Round "1.1"]
[White "Klyuner, Vyacheslav"]
[Black "Lobron, Eric"]
[Result "1/2-1/2"]
[WhiteElo "2437"]
[BlackElo "2507"]
[PlyCount "54"]
[EventDate "2019.??.??"]

1. e4 c6 2. d4 d5 3. exd5 cxd5 4. c4 Nf6 5. Nc3 e6 6. Nf3 Bb4 7. Be2 O-O 8. O-O
dxc4 9. Bxc4 b6 10. Bg5 Bb7 11. Ne5 Nbd7 12. Qe2 Bxc3 13. bxc3 Qc7 14. Nxd7
Nxd7 15. Rac1 Rac8 16. Bd3 e5 17. Qg4 Qc6 18. f3 h6 19. Bh4 Rce8 20. Be4 Qc7
21. Bf5 Bc8 22. Qg3 Qc6 23. Rfe1 Kh8 24. Qf2 exd4 25. Be7 Rg8 26. cxd4 Qb5 27.
Bb1 Nf8 1/2-1/2

[Event "2BLW 1920 TSV Schott Mainz - SC Hansa D"]
[Site "?"]
[Date "2019.09.29"]
[Round "1.3"]
[White "Wegener, Olaf"]
[Black "Goebel, Constantin"]
[Result "1-0"]
[WhiteElo "2423"]
[BlackElo "2246"]
[PlyCount "73"]
[EventDate "2019.??.??"]

1. e4 c5 2. Nf3 Nc6 3. d4 cxd4 4. Nxd4 e5 5. Nb5 d6 6. N1c3 a6 7. Na3 Be7 8.
Be3 Nf6 9. Nc4 b5 10. Nb6 Rb8 11. Nxc8 Qxc8 12. Be2 O-O 13. O-O Rd8 14. a4 bxa4
15. Rxa4 Rxb2 16. Bxa6 Qb8 17. Bc4 Rb4 18. Rxb4 Nxb4 19. Bb3 Rc8 20. Qd2 Bd8
21. Rb1 Ba5 22. Bg5 Nbd5 23. Bxf6 Nxf6 24. Bxf7+ Kxf7 25. Rxb8 Rxb8 26. Qxd6
Rd8 27. Qxe5 Bxc3 28. Qc7+ Rd7 29. Qc4+ Kg6 30. g3 Be5 31. Qe6 Rd1+ 32. Kg2 Bd4
33. Qf5+ Kh6 34. e5 Nd5 35. Qe6+ Nf6 36. exf6 Bxf6 37. Qh3+ 1-0

[Event "2BLW 1920 TSV Schott Mainz - SC Hansa D"]
[Site "?"]
[Date "2019.09.29"]
[Round "1.4"]
[White "Mueller, Marco"]
[Black "Scholz, Christian"]
[Result "0-1"]
[WhiteElo "2224"]
[BlackElo "2373"]
[PlyCount "100"]
[EventDate "2019.??.??"]

1. c4 Nf6 2. Nf3 g6 3. b3 Bg7 4. Bb2 d6 5. d4 O-O 6. g3 c5 7. Bg2 Ne4 8. O-O
Nc6 9. h3 Qa5 10. e3 f5 11. Qc2 e5 12. Rd1 cxd4 13. exd4 exd4 14. Nxd4 Nxd4 15.
Bxd4 Bxd4 16. Rxd4 Qe5 17. Qd3 Nc5 18. Qc3 Re8 19. Rd1 Rb8 20. f4 Qxc3 21. Nxc3
Re3 22. Nb5 Rxg3 23. Rxd6 Bd7 24. Kf2 Rd3 25. Bd5+ Kf8 26. b4 Ne4+ 27. Bxe4
fxe4 28. Rxd3 exd3 29. Nd4 Rd8 30. Ke3 Bxh3 31. Rh1 d2 32. Rd1 Re8+ 33. Kf3 h5
34. Rxd2 Bg4+ 35. Kg3 Kf7 36. Rd3 Rd8 37. c5 Kf6 38. a3 a6 39. Rd2 Re8 40. Rd3
Re1 41. Nf3 Ra1 42. Nd2 Bf5 43. Re3 Ra2 44. Nc4 g5 45. fxg5+ Kxg5 46. Nd6 h4+
47. Kf3 Bg4+ 48. Ke4 h3 49. Nxb7 h2 50. Re1 Re2+ 0-1

[Event "2BLW 1920 TSV Schott Mainz - SC Hansa D"]
[Site "?"]
[Date "2019.09.29"]
[Round "1.5"]
[White "Kalka, Arkadius Georg"]
[Black "Lisanti, Andre"]
[Result "1-0"]
[WhiteElo "2339"]
[BlackElo "2232"]
[PlyCount "87"]
[EventDate "2019.??.??"]

1. c4 e6 2. g3 d5 3. Nf3 c6 4. b3 a5 5. Bb2 a4 6. Na3 Nd7 7. Bg2 Ngf6 8. O-O
Bd6 9. d4 Qe7 10. c5 Bc7 11. Nd2 h5 12. e4 dxe4 13. Nxe4 Nxe4 14. Bxe4 Nf6 15.
Bg2 h4 16. Re1 Bd7 17. b4 Nd5 18. b5 Ba5 19. Re2 hxg3 20. hxg3 Bc3 21. Rc1 Bxb2
22. Rxb2 Qg5 23. Rc4 Qh6 24. b6 e5 25. dxe5 Qh2+ 26. Kf1 Bh3 27. Bxh3 Qxh3+ 28.
Ke1 Ne3 29. Qd3 Rd8 30. Rd4 Rxd4 31. Qxd4 Qf1+ 32. Kd2 Nd5 33. Rb1 Qa6 34. Nc4
O-O 35. Qh4 f5 36. Rh1 Kf7 37. Qh5+ Ke7 38. Qg5+ Kd7 39. Qxg7+ Ne7 40. e6+ Kxe6
41. Re1+ Kd5 42. Qe5+ Kxc4 43. Qc3+ Kd5 44. Re5# 1-0

[Event "2BLW 1920 TSV Schott Mainz - SC Hansa D"]
[Site "?"]
[Date "2019.09.29"]
[Round "1.6"]
[White "Kienast, Joerg"]
[Black "Kotter, Ralf"]
[Result "1-0"]
[WhiteElo "2212"]
[BlackElo "2360"]
[PlyCount "109"]
[EventDate "2019.??.??"]

1. e4 c5 2. Nf3 e6 3. c3 Nf6 4. e5 Nd5 5. d4 cxd4 6. cxd4 d6 7. Bd3 Nc6 8. a3
Bd7 9. O-O Be7 10. Nbd2 Nf4 11. Bb1 Ng6 12. exd6 Bxd6 13. Ne4 Be7 14. Nfg5 Qa5
15. Ba2 h6 16. Nf3 O-O 17. Nc5 Bc8 18. Be3 Rd8 19. b4 Qc7 20. Rc1 Qd6 21. Qd2
Bf8 22. Rfd1 Nce7 23. Ne4 Qd7 24. Bxh6 b6 25. Bf4 Nd5 26. Ne5 Nxe5 27. Bxe5 Qe7
28. Qd3 f6 29. Bg3 a5 30. Nc3 Bb7 31. Nxd5 Bxd5 32. Rc7 Qe8 33. Bxd5 Rxd5 34.
Qc4 axb4 35. axb4 Qb5 36. Qxb5 Rxb5 37. h3 Rd8 38. Re1 Re8 39. Rc6 Kf7 40. Bc7
Rxb4 41. Bxb6 Ra4 42. Bc5 Rc4 43. Rc7+ Kg6 44. Re3 Rc1+ 45. Kh2 Rd8 46. Rxe6
Rd5 47. Rec6 Bxc5 48. Rxc5 Rdxc5 49. dxc5 f5 50. Kg3 Kf6 51. f4 Rc3+ 52. Kh4
Kg6 53. g4 Rc4 54. Rc6+ Kf7 55. Kg5 1-0

[Event "2BLW 1920 TSV Schott Mainz - SC Hansa D"]
[Site "?"]
[Date "2019.09.29"]
[Round "1.7"]
[White "Christensen, Niels"]
[Black "Lisanti, Marco"]
[Result "1-0"]
[WhiteElo "2286"]
[BlackElo "2069"]
[PlyCount "116"]
[EventDate "2019.??.??"]

1. d4 Nf6 2. c4 c5 3. d5 b5 4. cxb5 a6 5. bxa6 g6 6. Nc3 Bxa6 7. f4 d6 8. Nf3
Bg7 9. e4 Bxf1 10. Rxf1 O-O 11. Kf2 Qb6 12. Kg1 Ng4 13. Qe2 Nd7 14. h3 Nh6 15.
g4 Kh8 16. g5 Ng8 17. h4 e6 18. Qc4 Qb4 19. Qxb4 cxb4 20. Nb5 Ra5 21. dxe6 fxe6
22. Nxd6 Ne7 23. Rd1 Nc5 24. Bd2 Nd3 25. Nc4 Rb5 26. a4 bxa3 27. Rxa3 Nxb2 28.
Nxb2 Rxb2 29. Ra7 Re8 30. Be3 Nc6 31. Rc7 Rb3 32. Kf2 Nb8 33. Ba7 Na6 34. Rcd7
Rf8 35. Kg3 e5 36. Rd8 exf4+ 37. Kg4 h5+ 38. gxh6 Bxh6 39. Rxf8+ Bxf8 40. Kxf4
Nc7 41. Ng5 Kg8 42. Rd8 Rb5 43. Bb8 Rxg5 44. Bxc7 Rh5 45. Bd6 Kf7 46. Rxf8+ Ke6
47. e5 Rxh4+ 48. Kg5 Re4 49. Rf6+ Kd7 50. Kxg6 Re1 51. Kf7 Re2 52. Bb8 Kc8 53.
e6 Kd8 54. Bf4 Re4 55. Bg5 Kc7 56. Rf1 Kd6 57. Rd1+ Kc7 58. e7 Kc8 1-0

[Event "2BLW 1920 TSV Schott Mainz - SC Hansa D"]
[Site "?"]
[Date "2019.09.29"]
[Round "1.8"]
[White "Werner, Dimo"]
[Black "Schiefelbusch, Dirk"]
[Result "1/2-1/2"]
[WhiteElo "1990"]
[BlackElo "2129"]
[PlyCount "62"]
[EventDate "2019.??.??"]

1. d4 d5 2. Nf3 Nf6 3. c4 c6 4. e3 Bg4 5. cxd5 cxd5 6. Qa4+ Nc6 7. Ne5 Bd7 8.
Nxd7 Qxd7 9. Be2 e6 10. O-O Bd6 11. Nd2 O-O 12. Qd1 Rac8 13. a3 Rfd8 14. b4 a5
15. b5 Ne7 16. a4 b6 17. Ba3 Bxa3 18. Rxa3 Qd6 19. Rb3 Rc7 20. Bd3 Rdc8 21. Qa1
Ng4 22. Nf3 f5 23. h3 Nf6 24. Ne5 Ne4 25. Rd1 Ng6 26. Nc6 Ne7 27. Ne5 Ng6 28.
Nc6 Nh4 29. Qa3 Qxa3 30. Rxa3 Ng6 31. Bxe4 fxe4 1/2-1/2

[Event "2BLW 1920 SG Solingen II - DJK Aachen"]
[Site "?"]
[Date "2019.09.29"]
[Round "1.1"]
[White "Dambacher, Martijn"]
[Black "Nikolic, Predrag"]
[Result "1/2-1/2"]
[WhiteElo "2503"]
[BlackElo "2580"]
[PlyCount "71"]
[EventDate "2019.??.??"]

1. d4 Nf6 2. c4 e6 3. Nc3 Bb4 4. e3 c5 5. Nge2 d6 6. a3 Ba5 7. g3 Ne4 8. Qd3
Nxc3 9. Nxc3 O-O 10. Bg2 cxd4 11. exd4 e5 12. O-O exd4 13. Nb5 Nc6 14. Bf4 a6
15. Nxd4 Ne5 16. Qb3 Qf6 17. h3 Bc7 18. Nc2 Rb8 19. Ne3 Be6 20. Nd5 Bxd5 21.
Bxd5 b5 22. Bxe5 Qxe5 23. Rae1 Qh5 24. Kg2 Qg5 25. Re4 Kh8 26. Rfe1 Ba5 27.
R1e2 f5 28. Re7 f4 29. cxb5 fxg3 30. fxg3 Qc1 31. Bf3 Bb6 32. Re1 Qc5 33. R7e2
axb5 34. Qd5 Qxd5 35. Bxd5 Bd4 36. b3 {(=(} 1/2-1/2

[Event "2BLW 1920 SG Solingen II - DJK Aachen"]
[Site "?"]
[Date "2019.09.29"]
[Round "1.3"]
[White "Skulener, Wladimir"]
[Black "Kreisl, Robert"]
[Result "1/2-1/2"]
[WhiteElo "2381"]
[BlackElo "2391"]
[PlyCount "29"]
[EventDate "2019.??.??"]

1. d4 c5 2. d5 g6 3. e4 Bg7 4. c4 d6 5. Nf3 e6 6. Be2 exd5 7. exd5 Nf6 8. Nc3
O-O 9. h3 Re8 10. O-O Bf5 11. Bd3 Ne4 12. Nxe4 Bxe4 13. Bxe4 Rxe4 14. Qc2 Re8
15. Bd2 {(=)} 1/2-1/2

[Event "2BLW 1920 SG Solingen II - DJK Aachen"]
[Site "?"]
[Date "2019.09.29"]
[Round "1.5"]
[White "Marcziter, Dmitrii"]
[Black "Schlecht, Daniel"]
[Result "1/2-1/2"]
[WhiteElo "2234"]
[BlackElo "2366"]
[PlyCount "84"]
[EventDate "2019.??.??"]

1. d4 d5 2. c4 c6 3. Nf3 Nf6 4. Nc3 e6 5. Bg5 h6 6. Bxf6 Qxf6 7. e3 Nd7 8. Qb3
g6 9. Be2 dxc4 10. Bxc4 Bg7 11. O-O O-O 12. e4 Qe7 13. Rad1 b5 14. Be2 Rb8 15.
Qc2 Bb7 16. Rfe1 Rfc8 17. Bf1 a6 18. Qd2 Rd8 19. Qe3 Rbc8 20. e5 c5 21. d5 c4
22. dxe6 Qxe6 23. Rd6 Qe7 24. Nd5 Bxd5 25. Rxd5 Nc5 26. Red1 Rxd5 27. Rxd5 Na4
28. Qe2 c3 29. bxc3 Nxc3 30. Rd7 Qe6 31. Rd6 Qxa2 32. Qxa2 Nxa2 33. Rxa6 Nc3
34. Rb6 Rc5 35. Nd4 Bxe5 36. Nxb5 Ne4 37. g3 Nc3 38. Nxc3 Rxc3 39. Rb4 Rc2 40.
Rc4 Rd2 41. Re4 Bd4 42. Re2 Rxe2 1/2-1/2

[Event "2BLW 1920 SG Solingen II - DJK Aachen"]
[Site "?"]
[Date "2019.09.29"]
[Round "1.6"]
[White "Schaefer, Markus"]
[Black "Draeger, Thomas"]
[Result "1/2-1/2"]
[WhiteElo "2378"]
[BlackElo "2200"]
[PlyCount "45"]
[EventDate "2019.??.??"]

1. e4 e6 2. d4 d5 3. Nd2 c5 4. Ngf3 cxd4 5. exd5 Qxd5 6. Bc4 Qd8 7. O-O Nc6 8.
Nb3 Nf6 9. Qe2 a6 10. a4 Bd6 11. Rd1 Qc7 12. Nbxd4 Nxd4 13. Rxd4 h6 14. c3 Bd7
15. h3 Rd8 16. Bb3 Bc5 17. Rd1 Bc6 18. Rxd8+ Qxd8 19. Be3 Bxe3 20. Qxe3 Bxf3
21. Qxf3 Qb6 22. Ra3 O-O 23. Qe2 {(=)} 1/2-1/2

[Event "2BLW 1920 SG Solingen II - DJK Aachen"]
[Site "?"]
[Date "2019.09.29"]
[Round "1.7"]
[White "Juegel, Marcel"]
[Black "Zolfagharian, Kevin"]
[Result "0-1"]
[WhiteElo "2202"]
[BlackElo "2257"]
[PlyCount "120"]
[EventDate "2019.??.??"]

1. d4 Nf6 2. Nc3 d5 3. Bf4 e6 4. Nb5 Na6 5. a3 c6 6. Nc3 Bd6 7. e3 Nc7 8. Bd3
c5 9. dxc5 Bxf4 10. exf4 Nd7 11. b4 Qf6 12. Nge2 O-O 13. O-O Re8 14. Qd2 a5 15.
Rab1 g6 16. Rfe1 axb4 17. axb4 Ra3 18. Ra1 Rxa1 19. Rxa1 Nb8 20. Ra2 Nc6 21.
Na4 e5 22. fxe5 Nxe5 23. Qf4 Qg7 24. h3 g5 25. Qg3 h5 26. f4 Nc6 27. c3 g4 28.
f5 gxh3 29. Qxg7+ Kxg7 30. Nb6 hxg2 31. Nf4 Re1+ 32. Kxg2 Ne7 33. Nxc8 Nxc8 34.
Nxh5+ Kh6 35. Nf4 Rc1 36. Ra3 Kg5 37. Kf3 Ne7 38. Ne2 Rf1+ 39. Ke3 Nxf5+ 40.
Kd2 Ne6 41. Ra7 Nh4 42. Rxb7 Nf3+ 43. Ke3 Ne5 44. Bb5 Rd1 45. c6 Ng4+ 46. Kf3
Rf1+ 47. Kg2 Ne3+ 48. Kg3 Ng7 49. Re7 Ngf5+ 50. Kh2 Rf2+ 51. Kg1 Rf1+ 52. Kh2
Ng4+ 53. Kg2 Rf2+ 54. Kh1 Nfe3 55. Nf4 Kxf4 56. Rxf7+ Kg3 57. Rxf2 Nxf2+ 58.
Kg1 Nh3+ 59. Kh1 Ng4 60. c7 Ngf2# 0-1

[Event "2BLW 1920 SG Solingen II - DJK Aachen"]
[Site "?"]
[Date "2019.09.29"]
[Round "1.8"]
[White "Kniest, Oliver"]
[Black "Deider, Kevin"]
[Result "1-0"]
[WhiteElo "2292"]
[BlackElo "1810"]
[PlyCount "45"]
[EventDate "2019.??.??"]

1. d4 Nf6 2. c4 e6 3. Nc3 Bb4 4. Qc2 Nc6 5. Nf3 d6 6. Bg5 h6 7. Bd2 e5 8. d5
Ne7 9. Qa4+ c6 10. Qxb4 cxd5 11. cxd5 O-O 12. e4 Ng6 13. g3 Bg4 14. Bg2 Qe7 15.
O-O Nd7 16. h3 Bxf3 17. Bxf3 Nc5 18. Be3 b6 19. Qc4 f5 20. exf5 Rxf5 21. Bg4
Rff8 22. b4 Nb7 23. Ne4 1-0

[Event "2BLW 1920 SC Remagen Sinzig - SV Koblen"]
[Site "?"]
[Date "2019.09.29"]
[Round "1.1"]
[White "Feller, Sebastien"]
[Black "Cyborowski, Lukasz"]
[Result "1/2-1/2"]
[WhiteElo "2577"]
[BlackElo "2509"]
[PlyCount "33"]
[EventDate "2019.??.??"]

1. d4 d5 2. c4 e6 3. Nf3 Nf6 4. g3 Bb4+ 5. Nbd2 dxc4 6. Bg2 b5 7. O-O O-O 8. a4
c6 9. Ne1 Nd5 10. Nc2 Be7 11. e4 Nf6 12. e5 Nd5 13. Ne4 Nd7 14. axb5 cxb5 15.
Nc3 N7b6 16. Nxb5 Nd7 17. Nc3 {(=)} 1/2-1/2

[Event "2BLW 1920 SC Remagen Sinzig - SV Koblen"]
[Site "?"]
[Date "2019.09.29"]
[Round "1.2"]
[White "Dgebuadze, Alexandre"]
[Black "Balog, Imre"]
[Result "1-0"]
[WhiteElo "2472"]
[BlackElo "2566"]
[PlyCount "66"]
[EventDate "2019.??.??"]

1. Nf3 d5 2. d4 c6 3. c3 Nf6 4. Bf4 Nh5 5. Be3 g6 6. Qc1 Nd7 7. Bh6 Bxh6 8.
Qxh6 Qb6 9. Qc1 f6 10. e3 e5 11. Be2 O-O 12. O-O Re8 13. Re1 c5 14. Na3 Ng7 15.
e4 dxe4 16. Bc4+ Kh8 17. Rxe4 exd4 18. Rxe8+ Nxe8 19. Qh6 Ng7 20. Re1 Qd8 21.
cxd4 Nf5 22. Qf4 cxd4 23. g4 Ng7 24. Qxd4 b6 25. Nb5 Qf8 26. Nd6 Nc5 27. Ng5
fxg5 28. Re8 Be6 29. Rxf8+ Rxf8 30. Bxe6 Ncxe6 31. Qa4 h5 32. Qxa7 hxg4 33. a4
Rf5 1-0

[Event "2BLW 1920 SC Remagen Sinzig - SV Koblen"]
[Site "?"]
[Date "2019.09.29"]
[Round "1.3"]
[White "Sulskis, Sarunas"]
[Black "Jaracz, Pawel"]
[Result "1/2-1/2"]
[WhiteElo "2539"]
[BlackElo "2465"]
[PlyCount "112"]
[EventDate "2019.??.??"]

1. e4 c6 2. d4 d5 3. exd5 cxd5 4. c4 Nf6 5. Nc3 e6 6. Nf3 Bb4 7. cxd5 Nxd5 8.
Bd2 Nc6 9. Bd3 Be7 10. O-O O-O 11. Re1 Bf6 12. Ne4 Bxd4 13. Nxd4 Nxd4 14. Qh5
f5 15. Bg5 Qd7 16. Nc3 h6 17. Nxd5 hxg5 18. Ne3 Qe7 19. Rad1 Bd7 20. Bc4 b5 21.
Rxd4 bxc4 22. Nxc4 Rad8 23. Ne5 Be8 24. Qd1 Rxd4 25. Qxd4 Bf7 26. Rd1 Rc8 27.
h3 Be8 28. b3 Rc5 29. Qe3 Rc2 30. a4 Rc7 31. Re1 Bc6 32. Ng6 Qf6 33. Qxe6+ Qxe6
34. Rxe6 Bd5 35. Re5 Bxb3 36. Rxf5 Bxa4 37. Rxg5 Be8 38. Nf4 a6 39. Re5 Bb5 40.
g4 Rb7 41. Rc5 a5 42. g5 a4 43. h4 Rb8 44. Nd5 Be8 45. Kh2 Bf7 46. Ra5 Bxd5 47.
Rxd5 Ra8 48. Kg3 a3 49. Rd1 a2 50. Ra1 g6 51. Kg4 Ra4+ 52. f4 Kg7 53. h5 gxh5+
54. Kxh5 Rxf4 55. Rxa2 Kf7 56. Ra1 Ke7 1/2-1/2

[Event "2BLW 1920 SC Remagen Sinzig - SV Koblen"]
[Site "?"]
[Date "2019.09.29"]
[Round "1.4"]
[White "Popovic, Petar"]
[Black "Wiedenkeller, Michael"]
[Result "1/2-1/2"]
[WhiteElo "2432"]
[BlackElo "2459"]
[PlyCount "31"]
[EventDate "2019.??.??"]

1. e4 e5 2. Nf3 Nc6 3. Nc3 Nf6 4. Bb5 Bb4 5. O-O O-O 6. d3 Bxc3 7. bxc3 d6 8.
Bxc6 bxc6 9. Rb1 c5 10. Nd2 Be6 11. c4 Nd7 12. f4 exf4 13. Rxf4 Rb8 14. Rb3 Rb6
15. Nb1 Ne5 16. Nc3 1/2-1/2

[Event "2BLW 1920 SC Remagen Sinzig - SV Koblen"]
[Site "?"]
[Date "2019.09.29"]
[Round "1.5"]
[White "Seul, Georg"]
[Black "Mainka, Romuald"]
[Result "1/2-1/2"]
[WhiteElo "2422"]
[BlackElo "2390"]
[PlyCount "43"]
[EventDate "2019.??.??"]

1. e4 c5 2. Nf3 e6 3. b3 a6 4. Bb2 Nc6 5. c4 Qc7 6. g3 Nge7 7. Bg2 Ng6 8. O-O
f6 9. d4 cxd4 10. Nxd4 Bc5 11. Qd2 O-O 12. Nc2 b5 13. cxb5 axb5 14. Nc3 Ba6 15.
Nd5 Qb8 16. Ndb4 Nxb4 17. Nxb4 Bb7 18. Bc3 Ne5 19. Rfd1 Rf7 20. Bd4 d6 21. f4
Nd7 22. Nc2 {(=)} 1/2-1/2

[Event "2BLW 1920 SC Remagen Sinzig - SV Koblen"]
[Site "?"]
[Date "2019.09.29"]
[Round "1.6"]
[White "Geirnaert, Steven"]
[Black "Schenderowitsch, Michael"]
[Result "1-0"]
[WhiteElo "2428"]
[BlackElo "2334"]
[PlyCount "174"]
[EventDate "2019.??.??"]

1. d4 e6 2. c4 Nf6 3. Nc3 Bb4 4. f3 c5 5. d5 b5 6. e4 bxc4 7. Bxc4 Nxd5 8. Bxd5
exd5 9. Qxd5 Nc6 10. Nge2 Ba6 11. Kf2 O-O 12. Be3 Qb6 13. Rab1 Rfb8 14. a3 Bxc3
15. bxc3 Qa5 16. Qxc5 Qa4 17. Nd4 Rb6 18. Rxb6 axb6 19. Qxb6 Qxa3 20. Nxc6 dxc6
21. Rd1 Bb5 22. Bc5 Qa2+ 23. Kg3 h6 24. Be3 Qe6 25. Qc5 Qg6+ 26. Kf2 Ra2+ 27.
Rd2 Qe6 28. g4 Rxd2+ 29. Bxd2 Qa2 30. Qe3 Qc4 31. h4 Qf1+ 32. Kg3 Qh1 33. h5
Bf1 34. Qf2 Qh3+ 35. Kf4 Bc4 36. Ke5 Qh1 37. Kd4 Bb5 38. Be1 Bf1 39. Ke3 Bb5
40. e5 Bc4 41. Kf4 Qh3 42. Qg1 Bd5 43. Bg3 Bc4 44. Ke4 Qf1 45. Qxf1 Bxf1 46.
Bh4 Kf8 47. Ke3 Bc4 48. f4 Bb3 49. f5 Bd1 50. Kf4 Bb3 51. Kf3 Bd1+ 52. Kg3 Bb3
53. Bd8 Bc4 54. Kf2 Bb3 55. Bc7 Bd1 56. Bd6+ Kg8 57. Kg3 Bb3 58. Be7 Bd1 59.
Kf4 Bb3 60. Bc5 Bc4 61. g5 Be2 62. g6 Bxh5 63. gxf7+ Kxf7 64. e6+ Ke8 65. Bd4
Kf8 66. c4 Be2 67. c5 Bd3 68. Ke5 Ke8 69. Bf2 Bc2 70. Kf4 Bd3 71. Bd4 Kf8 72.
Ke5 Ke8 73. Be3 h5 74. Bf2 Bc2 75. Kf4 Bd3 76. Kg5 Kf8 77. Bg3 Bc2 78. Bd6+ Ke8
79. Be5 Kf8 80. Kg6 h4 81. Bxg7+ Ke8 82. Be5 h3 83. Kg5 Bb3 84. Kg4 Bd5 85.
Kxh3 Bc4 86. Kg4 Bb3 87. Bd6 Ba2 1-0

[Event "2BLW 1920 SC Remagen Sinzig - SV Koblen"]
[Site "?"]
[Date "2019.09.29"]
[Round "1.7"]
[White "Fritsche, Lutz"]
[Black "Polaczek, Richard"]
[Result "1-0"]
[WhiteElo "2302"]
[BlackElo "2364"]
[PlyCount "117"]
[EventDate "2019.??.??"]

1. e4 e6 2. d4 d5 3. Nd2 Nf6 4. e5 Nfd7 5. Bd3 c5 6. c3 Nc6 7. Ne2 cxd4 8. cxd4
Nb6 9. f4 Bd7 10. O-O g6 11. Nf3 Be7 12. Nc3 Rc8 13. Qe2 a6 14. Be3 Nb4 15. Bb1
Na4 16. Rc1 O-O 17. g4 f5 18. exf6 Bxf6 19. Qd2 Nb6 20. b3 Bg7 21. h3 a5 22.
Ne2 Qe7 23. Ne5 Rxc1+ 24. Nxc1 Nc8 25. Ncd3 Bb5 26. Nf2 Nd6 27. a3 Nc6 28. a4
Ba6 29. Nxc6 bxc6 30. Qxa5 Qb7 31. Bc2 g5 32. Qd2 c5 33. fxg5 cxd4 34. Bxd4 e5
35. Bc5 Qc6 36. Rc1 e4 37. Bxe4 dxe4 38. Bxd6 Qd7 39. Qd5+ Kh8 40. Qc6 Qf7 41.
Bxf8 Bd4 42. Qxe4 Qxf2+ 43. Kh1 Bf1 44. Bg7+ Bxg7 45. Qe8+ Bf8 46. Qe5+ Kg8 47.
Qe6+ Kh8 48. Qf6+ Qxf6 49. gxf6 Bxh3 50. Rg1 h5 51. gxh5 Be6 52. Rg3 Bd6 53.
Rd3 Be5 54. Kg2 Kg8 55. a5 Bf5 56. Rd8+ Kf7 57. Kf3 Bxf6 58. Rb8 Bd7 59. h6 1-0

[Event "2BLW 1920 SC Remagen Sinzig - SV Koblen"]
[Site "?"]
[Date "2019.09.29"]
[Round "1.8"]
[White "Huhndorf, Arnold"]
[Black "Hammes, Michael"]
[Result "0-1"]
[WhiteElo "2256"]
[BlackElo "2341"]
[PlyCount "90"]
[EventDate "2019.??.??"]

1. d4 e6 2. c4 Nf6 3. g3 d5 4. Bg2 a6 5. Nf3 dxc4 6. O-O Nc6 7. e3 Rb8 8. Qe2
b5 9. b3 cxb3 10. axb3 Be7 11. Bb2 O-O 12. Rc1 Bb7 13. Nc3 Nb4 14. Na2 Nd7 15.
Ne1 Bxg2 16. Nxb4 Bxb4 17. Nd3 Bd6 18. Kxg2 Rb6 19. e4 Qa8 20. f3 Rc6 21. e5
Be7 22. Qe4 Rxc1 23. Rxc1 Nb6 24. Rxc7 Nd5 25. Rc1 Rc8 26. Nf4 Rxc1 27. Bxc1 a5
28. Nxd5 exd5 29. Qc2 a4 30. bxa4 bxa4 31. Bb2 a3 32. Ba1 Qa6 33. f4 h5 34. Kf2
g6 35. Qc3 Qb7 36. Qc2 Qd7 37. Kg2 h4 38. Qd3 Qc8 39. Qc3 Qf5 40. Qb3 h3+ 41.
Kf2 Qe4 42. Qb7 Bf8 43. Qd7 Qg2+ 44. Ke3 Qxh2 45. e6 Qxg3+ 0-1

[Event "2BLW 1920 Bochumer SV 02 - SC Siegburg"]
[Site "?"]
[Date "2019.09.29"]
[Round "1.1"]
[White "Andreev, Eduard"]
[Black "Zaitsev, Mikhail"]
[Result "1/2-1/2"]
[WhiteElo "2435"]
[BlackElo "2421"]
[PlyCount "33"]
[EventDate "2019.??.??"]

1. e4 e5 2. Nf3 Nf6 3. d4 Nxe4 4. Bd3 Nc6 5. dxe5 d5 6. O-O Bg4 7. Nc3 Nxc3 8.
bxc3 Be7 9. Re1 O-O 10. h3 Be6 11. Rb1 b6 12. Bb5 Na5 13. Nd4 c5 14. Nxe6 fxe6
15. Qg4 Qc8 16. Bf1 c4 17. Be3 1/2-1/2

[Event "2BLW 1920 Bochumer SV 02 - SC Siegburg"]
[Site "?"]
[Date "2019.09.29"]
[Round "1.2"]
[White "Zatonskih, Anna"]
[Black "Jackelen, Thomas"]
[Result "0-1"]
[WhiteElo "2424"]
[BlackElo "2408"]
[PlyCount "104"]
[EventDate "2019.??.??"]

1. d4 d5 2. c4 c6 3. e3 Nf6 4. Nf3 a6 5. Nbd2 Bf5 6. Be2 h6 7. Qb3 Qc7 8. Nf1
e6 9. Ng3 Bh7 10. Bd2 Nbd7 11. O-O Bd6 12. Bb4 O-O 13. cxd5 exd5 14. Bxd6 Qxd6
15. Rac1 Qc7 16. Bd3 Bxd3 17. Qxd3 Rfe8 18. Nd2 a5 19. f3 Rad8 20. Qc3 Qb6 21.
a3 a4 22. Kh1 Nf8 23. Rfe1 Ne6 24. Ne2 Re7 25. Qc2 Rde8 26. Red1 Qa5 27. Nf1
Nd7 28. Nc3 Nb6 29. Rb1 Rd7 30. Nd2 Qa6 31. Nf1 Ra8 32. Qf2 Nc4 33. e4 dxe4 34.
fxe4 Qb6 35. Qe2 Rxd4 36. Rxd4 Qxd4 37. Rd1 Qc5 38. Ng3 b5 39. Nf5 Re8 40. Nxa4
bxa4 41. Rc1 Rd8 42. h3 Rd2 43. Qf1 Ne3 44. Rxc5 Nxf1 45. Rc1 g5 46. Nxh6+ Kg7
47. Ng4 Ng3+ 48. Kh2 Nxe4 49. Rxc6 Rxb2 50. Rc4 N4c5 51. Ne3 Re2 52. Nc2 f5 0-1

[Event "2BLW 1920 Bochumer SV 02 - SC Siegburg"]
[Site "?"]
[Date "2019.09.29"]
[Round "1.3"]
[White "Grinev, Valeriy"]
[Black "Friedmann, Rafael"]
[Result "1-0"]
[WhiteElo "2435"]
[BlackElo "2452"]
[PlyCount "113"]
[EventDate "2019.??.??"]

1. d4 d6 2. e4 Nf6 3. Nc3 e5 4. Nf3 Nbd7 5. Bc4 Be7 6. O-O O-O 7. a4 c6 8. h3
h6 9. Ba2 b6 10. Re1 Rb8 11. Be3 a6 12. Nh4 Nxe4 13. Nxe4 Bxh4 14. Nxd6 Be7 15.
dxe5 Nxe5 16. Nxc8 Rxc8 17. Qe2 Bf6 18. Qxa6 c5 19. Bf4 Re8 20. Rad1 Qc7 21.
Bg3 Re7 22. Qb5 Rd8 23. c3 h5 24. Kf1 h4 25. Bf4 g5 26. Bh2 Rde8 27. Re4 Kg7
28. Rde1 Qd8 29. Bb1 Qd2 30. Qe2 Qd5 31. Qd1 Qc6 32. Qc2 Ng6 33. Rxe7 Rxe7 34.
Rxe7 Bxe7 35. Qe4 Qd7 36. Qc2 Bf6 37. Ke1 Qe6+ 38. Qe2 Qb3 39. Qb5 Qe6+ 40. Kf1
Qd5 41. Qd3 Qb3 42. Qc2 Qc4+ 43. Kg1 Nf4 44. Qe4 Qb3 45. Bxf4 gxf4 46. Bd3 f3
47. Qg4+ Kf8 48. Qxf3 Kg7 49. Qg4+ Kf8 50. Qf5 Ke7 51. a5 Qxb2 52. a6 Bxc3 53.
Qe4+ Kd6 54. Bf1 Qa2 55. Qc4 Qxc4 56. Bxc4 Kc7 57. g3 1-0

[Event "2BLW 1920 Bochumer SV 02 - SC Siegburg"]
[Site "?"]
[Date "2019.09.29"]
[Round "1.5"]
[White "Maly, Alexey"]
[Black "Jellinghaus, Lars"]
[Result "1-0"]
[WhiteElo "2345"]
[BlackElo "2244"]
[PlyCount "63"]
[EventDate "2019.??.??"]

1. d4 e6 2. Nf3 d5 3. c4 Nf6 4. e3 c5 5. dxc5 Bxc5 6. a3 O-O 7. b4 Be7 8. Nbd2
b6 9. Bb2 Bb7 10. Be2 Nbd7 11. O-O Rc8 12. Rc1 Rc7 13. Qb3 Qa8 14. Rc2 Rfc8 15.
Rfc1 dxc4 16. Bxc4 Bd5 17. Bxd5 Nxd5 18. Rxc7 Nxc7 19. Qc2 b5 20. Bd4 Nf6 21.
Ne5 Nfe8 22. Nc6 Bf8 23. Nxa7 Rd8 24. Nc6 Rd7 25. Ne4 Nd5 26. Ng5 Ndf6 27. Bxf6
Nxf6 28. Ne5 Rd5 29. Ngxf7 Qxa3 30. Qc6 Qb2 31. Nh6+ gxh6 32. Qxe6+ 1-0

[Event "2BLW 1920 Bochumer SV 02 - SC Siegburg"]
[Site "?"]
[Date "2019.09.29"]
[Round "1.6"]
[White "Kiese, Matthias"]
[Black "Kolkin, Michail"]
[Result "0-1"]
[WhiteElo "2208"]
[BlackElo "2339"]
[PlyCount "90"]
[EventDate "2019.??.??"]

1. d4 d5 2. c4 c6 3. Nf3 Nf6 4. Nc3 dxc4 5. a4 c5 6. d5 e6 7. e4 Nxe4 8. Nxe4
exd5 9. Nc3 Be6 10. Ng5 Be7 11. Nxe6 fxe6 12. Qg4 Kf7 13. Be2 Nc6 14. O-O Bf6
15. Re1 Nd4 16. Bd1 Re8 17. a5 Nb3 18. Bxb3 cxb3 19. Bd2 Rc8 20. Qh3 h6 21.
Qh5+ Kf8 22. a6 b6 23. Rad1 Qd7 24. Qh3 Rcd8 25. Bc1 Qf7 26. Ne2 c4 27. Nf4 e5
28. Nh5 d4 29. Qf5 c3 30. Nxf6 Qxf6 31. Qxf6+ gxf6 32. Bxh6+ Kf7 33. f3 b5 34.
Bc1 b4 35. g4 Rd6 36. Re4 Rxa6 37. f4 Ra1 38. Rf1 Kg6 39. fxe5 fxe5 40. h4 d3
41. h5+ Kh7 42. Rc4 d2 43. Rc7+ Kg8 44. Bxd2 Rxf1+ 45. Kxf1 cxb2 0-1